Statistics for Miraculous ladybug A-Z

Click here to take the quiz!

General Stats

  • This quiz has been taken 655 times
  • The average score is 12 of 26

Answer Stats

HintAnswer% Correct
AMarinette's best friendAlya
99%
D---- CupidDark
82%
MMarinette babysits herManon
67%
JHas purple hairJuleka
66%
BXY's fatherBob
65%
QBecomes Queen WaspQueen bee
63%
SLadybug's transformation phraseSpots on
61%
YLadybug's weaponYoyo
60%
CGabriel Agreste's akumatizationCollector
57%
HMylene becomesHorrificator
56%
G------ VillainGuitar
54%
ECreates what he drawsEvillustrator
52%
XJagged Stone's rivalXY
52%
WOne of Ryuuko's elementsWater
50%
ILadybug's ice modeIcebug
43%
NAlya's sisterNora
42%
RChloe's famous phraseRidiculous utterly ridiculous
39%
UObject that joined Marinette and Adrien in the first episodes of the serieUmbrella
39%
LWhere Timetagger was beatenLouvre
38%
PJalil Kubdel's akumatizationPharaoh
33%
OKim's secret loverOndine
27%
TPenny Rolling becomesTroublemaker
27%
VFamous photographer. Really fan of Jagged StoneVincent
19%
FA famous singer akumatizationFrightingale
16%
KA TV channelKidz+
10%
ZProved that Chloe isn't really meanfulZombizou
7%

Score Distribution

Percentile by Number Answered

Percent of People with Each Score

Your Score History

You have not taken this quiz